Music Quiz

Random Music or Bands Quiz

Three-Album Bands Quiz Stats

 Plays Quiz not verified by Sporcle

Score 0/30 Timer 05:00
0 Plays Today
Band Album % Correct
The Killers Hot Fuss
78.2%
The Killers Sam's Town
77%
Franz Ferdinand Franz Ferdinand
74.7%
The Strokes Is This It?
63.2%
Arctic Monkeys Whatever People Say I Am, That's What I'm Not
52.9%
Kasabian Kasabian
52.9%
Arctic Monkeys Humbug
48.3%
Bloc Party Silent Alarm
47.1%
The Strokes Room on Fire
46%
Arctic Monkeys Favourite Worst Nightmare
40.2%
Yeah Yeah Yeahs It's Blitz!
40.2%
The Killers Day and Age
39.1%
The Futureheads The Futureheads
37.9%
Franz Ferdinand Tonight
36.8%
The Strokes First Impressions of Earth
35.6%
Band Album % Correct
Franz Ferdinand You Could Have It So Much Better
35.6%
Bloc Party A Weekend In The City
34.5%
Bloc Party Intimacy
31%
Yeah Yeah Yeahs Fever To Tell
29.9%
Kasabian Empire
27.6%
Yeah Yeah Yeahs Show Your Bones
26.4%
Editors The Back Room
21.8%
Kasabian West Ryder Pauper Lunatic Asylum
19.5%
We Are Scientists With Love and Squalor
18.4%
We Are Scientists Brain Thrust Mastery
14.9%
Editors An End Has a Start
13.8%
The Futureheads News and Tributes
12.6%
Editors In This Light and On This Evening
11.5%
The Futureheads This Is Not The World
8%
We Are Scientists Safety, Fun and Learning (In That Order)
2.3%

You're not logged in!

Compare scores with friends on all Sporcle quizzes.
OR
Log In

Show Comments

Extras

Created Sep 30, 2009ReportNominate
Tags:Album Quiz, Bands Quiz, studio, three

Top Quizzes Today


Score Distribution

Your Account Isn't Verified!

In order to create a playlist on Sporcle, you need to verify the email address you used during registration. Go to your Sporcle Settings to finish the process.

Report this User

Report this user for behavior that violates our Community Guidelines.

Details: